Novely zákona o dani z príjmov - komentár

Novela č. 177/2004 Z.z. (účinnosť dňom nadobudnutia platnosti zmluvy a pristúpení SR k EÚ) a novela č. 191/2004 Z.z. (účinnosť od 15. apríla 2004) - komentár. Daň z príjmov zo závislej činnosti. Daň z príjmov právnických osôb.

Guardado en:
Detalles Bibliográficos
Autor principal: Pohlod, Ján
Otros Autores: Piršelová, Dagmar
Formato: Capítulo de libro
Lenguaje:eslovaco
Materias:
Etiquetas: Agregar Etiqueta
Sin Etiquetas, Sea el primero en etiquetar este registro!

MARC

LEADER 00000naa$a2200000$$$4500
001 0010338
005 20231003105634.5
041 0 |a slo 
044 |a SK 
245 1 0 |a Novely zákona o dani z príjmov - komentár  |c Ján Pohlod, Dagmar Piršelová 
520 |a Novela č. 177/2004 Z.z. (účinnosť dňom nadobudnutia platnosti zmluvy a pristúpení SR k EÚ) a novela č. 191/2004 Z.z. (účinnosť od 15. apríla 2004) - komentár. Daň z príjmov zo závislej činnosti. Daň z príjmov právnických osôb. 
610 2 0 |a dane z príjmov 
610 2 0 |a zákony 
610 2 0 |a novelizácia 
610 2 0 |a komentáre 
610 2 0 |a Slovensko 
610 2 0 |a 2004 
100 1 |a Pohlod, Ján 
700 1 |a Piršelová, Dagmar